| 000 | 01316cab a2200289 4500 | ||
|---|---|---|---|
| 001 | ABS59077 | ||
| 008 | 090401t1998 xxu||||| |||| 00| 0 eng d | ||
| 035 | _a(Sirsi) u87655 | ||
| 041 | _aeng | ||
| 245 | _aGray and others v Taylor | ||
| 260 | _c1998 | ||
| 350 | _a0 | ||
| 490 |
_aWeekly Law Reports _v[1998] 1 WLR 1093-1099(7) |
||
| 520 | _aCA 2 April 1998. G was appointed an almsperson and occupied a flat in an almshouse, enjoying exclusive occupation and paying a weekly sum towards the cost of maintenance and for essential services. The trustees terminated G`s appointment and gave her notice to vacate the flat. G claimed she was an assured tenant. The judge held on a preliminary issue that G was not an assured tenant. An appeal by G was dismissed on the basis that the relationship was one of trustee and beneficiary and, the almsperson`s right to exclusive occupation was referable to a legal relationship other than a tenancy. | ||
| 650 | _aALMSHOUSES | ||
| 650 | _aBENEFICIARIES | ||
| 650 | _aEXCLUSIVE OCCUPATION | ||
| 650 | _aHOUSING ACT 1988 | ||
| 650 | _aLEGAL RELATIONSHIPS | ||
| 650 | _aLICENCES | ||
| 650 | _aRELATIONSHIP | ||
| 650 | _aTENANCIES | ||
| 650 | _aTRUSTEES | ||
| 690 | _aLANDLORD AND TENANT-CASE LAW-RESIDENTIAL TENANCIES | ||
| 942 | _n0 | ||
| 948 | _c24/07/1998 | ||
| 999 |
_c55303 _d55303 |
||